| 000 | 00535nam a2200181 i 4500 | ||
|---|---|---|---|
| 001 | 50910 | ||
| 003 | ES-MaACL | ||
| 007 | t| | ||
| 008 | 030807s1983 sp ||||1| spa d | ||
| 245 | 0 | 0 |
_aCuentos folklóricos en la España del Siglo de Oro / _cMaxime Chevalier. |
| 260 |
_aMadrid : _bCrítica, _c[1983] |
||
| 300 |
_a452 p. ; _c20 cm. |
||
| 490 | 1 | _aLecturas de filología | |
| 700 | 1 |
_aChevalier, Maxime. _938419 |
|
| 830 | 0 |
_aLecturas de filología _9182339 |
|
| 852 |
_aES-MaACL _jL-6252 _bR.106959 |
||
| 999 |
_c50910 _d50910 |
||